Non-Capital Cities with the Tallest Building in the Country - Statistics

General Stats
  • This quiz has been taken 28 times
  • The average score is 24 of 49
Answer Stats
Country Capital City % Correct
Canada Toronto
93%
Italy Milan
86%
United States New York
86%
Russia Saint Petersburg
86%
United Arab Emirates Dubai
82%
Germany Frankfurt
82%
Turkey Istanbul
82%
India Mumbai
82%
Saudi Arabia Mecca
79%
Israel Tel Aviv
79%
Denmark Aarhus
75%
New Zealand Auckland
75%
Sri Lanka Colombo
75%
Pakistan Karachi
75%
Nigeria Lagos
75%
Netherlands Rotterdam
75%
Czech Republic Brno
71%
Tanzania Dar es Salaam
68%
Croatia Split
68%
Myanmar Yangon
68%
Australia Gold Coast
64%
Vietnam Ho Chi Minh City
64%
Sweden Gothenburg
61%
Ecuador Guayaquil
61%
Mexico Monterrey
54%
Switzerland Basel
46%
Burundi Bujumbura
46%
Honduras San Pedro Sula
46%
Iraq Erbil
43%
Georgia Batumi
36%
Cyprus Limassol
36%
Palau Koror
25%
Qatar Lusail
25%
Egypt New Administrative Capital
21%
Brazil Balneário Camboriú
18%
Iceland Kópavogur
18%
San Marino Serravalle
18%
Gambia Serrekunda
18%
Andorra Escaldes-Engordany
14%
Morocco Salé
14%
Malta St. Julian's
11%
Philippines Taguig
11%
Micronesia Weno
11%
Belize Caracol
7%
Bangladesh Kushtia
7%
Cape Verde Mindelo
7%
South Africa Sandton
7%
Nauru Aiwo
4%
Bhutan Ramitey
4%
No matching quizzes found
Score Distribution
Percent of People with Each Score
Percentile by Number Answered
Your Score History
You have not taken this quiz